00730cam a2200229 a 4500001000800000005001700008008004100025010001700066020001500083040001800098041000800116080001700124082002100141100000700162101000800169245008000177504005300257906004500310942001200355999001700367952011600384433035020180208070858.0890105s1989 enka b 101 0 eng  a 88035363  a0521362334 aDLCcDLCdDLC aeng a330/.09 dav00a330/.09 dav219 a52 aeco04aThe Spread of economic ideas /cedited by David C. Colander and A.W. Coats. aIncludes bibliographical references (p. 249-256) a7bcbccorignewd1eocipf19gy-gencatlg 2ddccBK c42138d42138 00102udc40708PËKGa002b002cPËKGd2018-02-08l0o330/.09 davp002-2998642r2018-02-08w2018-02-08yBK